Ο Χασάν Πασάς Τζεζαερλή και η Μυτιλήνη

Αποθηκεύτηκε σε:
Λεπτομέρειες βιβλιογραφικής εγγραφής
Κύριος συγγραφέας: Σαμαράς, Παναγιώτης Ι.
Μορφή: Βιβλίο
Γλώσσα:Greek
Δημοσίευση: Μυτιλήνη : Μαν. Μαρζέλος, 1947
Θέματα:
Ετικέτες: Προσθήκη ετικέτας
Δεν υπάρχουν, Καταχωρήστε ετικέτα πρώτοι!

MARC

LEADER 00000cam a2200000 i 4500
001 1/99450
008 950331s1947 gre d
035 |l 10011308 
040 |a GR-MY-UA  |b gre  |e aacr 
041 0 |a gre 
082 0 |a 938.974 
100 1 |a Σαμαράς, Παναγιώτης Ι. 
245 1 2 |a Ο Χασάν Πασάς Τζεζαερλή και η Μυτιλήνη /   |c Π. Ι. Σαμαρά.  
260 |a Μυτιλήνη :   |b Μαν. Μαρζέλος,   |c 1947 
300 |a 48 σ.  |b εικ. 
506 1 |a Μόνο για ανάγνωση.   |c Βρίσκεται σε ειδική συλλογή. Διαθέσιμο εάν ζητηθεί.  
651 0 |a Lesbos (Greece : Municipality)  |x History. 
852 |a INST  |b LESVOS  |e 19950331  |h 938.974 ΣΑΜ  |p 005100001941  |q 005100001941  |t BK  |y 0 
909 |a Λ  |b 044521 
970 |z 2000/06/ΟΙΚΟΝΟΜΟΠΟΥΛΟΥ ΧΡΙΣΤΙΝΑ